| 000 | 00000nam##2200000za#4500 |
| 001 | 9.697552 |
| 003 | CaOODSP |
| 005 | 20210624235531 |
| 007 | cr ||||||||||| |
| 008 | 150407|1981||||xxc|||||o f|0| 0 eng|d |
| 040 | |aCaOODSP|beng |
| 043 | |an-cn--- |
| 086 | 1 |aA53-1438/1980E-PDF |
| 110 | 1 |aCanada.|bAgriculture Canada.|bResearch Branch. |
| 245 | 10|aErgot of grains and grasses / |h[electronic resource]|c[by] W.L. Seaman. |
| 250 | |aRevised 1980 |
| 260 | |aOttawa - Ontario : |bAgriculture Canada. |cc1980. |
| 300 | |a20p.|bfig., photographs |
| 500 | |aHistorical publication digitized by Agriculture and Agri-Food Canada. |
| 590 | |a13-17-Supp|b2013-07-25 |
| 690 | 07|aFarming|2gcpds |
| 690 | 07|aGrains|2gcpds |
| 690 | 07|aPlant diseases|2gcpds |
| 775 | 08|tL'ergot des céréales et des graminées fourragères / |w(CaOODSP)9.642245 |
| 856 | 40|ahttp://publications.gc.ca|qPDF|s960 KB|uhttps://publications.gc.ca/collections/collection_2013/aac-aafc/agrhist/A53-1438-1980-eng.pdf |
| 986 | |a1438 |